Angus thongs and pefect snogging Quiz Stats

Quiz not verified by Sporcle

Challenge
Share
Tweet
Embed
Score 0/13 Timer 03:00
0 Plays Today
% Correct
georgia nicolson
96.7%
robbie
96.7%
bob nicolson
94.7%
lindsey
93.4%
tom
92.8%
jem
92.8%
jas
91.4%
peter dyer
91.4%
libby
91.4%
connie nicolson
89.5%
dave the laugh
89.5%
ellen
78.3%
rosie
67.8%

You're not logged in!

Compare scores with friends on all Sporcle quizzes.
Join for Free
OR
Log In

You Might Also Like...

Show Comments

Extras

Top Quizzes Today


Score Distribution

Your Account Isn't Verified!

In order to create a playlist on Sporcle, you need to verify the email address you used during registration. Go to your Sporcle Settings to finish the process.

Report this User

Report this user for behavior that violates our Community Guidelines.

Details: